Экономическая история: учебник

Dades bibliogràfiques
Autor principal: Бартенев С. А. Сергей Александрович
Autor corporatiu: Всероссийская академия внешней торговли
Sumari:Учебник посвящен анализу событий экономической истории России и мира, выявлению внутренних и внешних условий и причин, лежащих в их основе. Наряду с поступательным развитием хозяйства рассматриваются провалы, откаты, противоречивое взаимодействие цивилизаций в результате войн, массовых миграций, внешних вторжений, культурных воздействий, влияния идеологических и религиозных доктрин. Особое внимание уделено возникновению новых форм экономической организации, институциональным изменениям. Удачно сочетаются исторические факты и экономический анализ процессов развития экономики, экономического роста, соотношений и темпов развития отдельных государств. Учебник содержит карты, историко-логические схемы, статистические и хронологические таблицы, список литературы. Для студентов и преподавателей экономических вузов.
Idioma:rus
Publicat: Москва, Экономистъ, 2006
Col·lecció:Homo faber
Matèries:
Format: MixedMaterials Llibre
KOHA link:https://koha.lib.tpu.ru/cgi-bin/koha/opac-detail.pl?biblionumber=194378

MARC

LEADER 00000nam0a2200000 4500
001 194378
005 20231101224542.0
010 |a 5981180145  |b (в пер.)  |b 3000 экз. 
021 |a RU  |b 04-2807  |9 04-147 
035 |a (RuTPU)RU\TPU\book\212000 
035 |a RU\TPU\book\89227 
090 |a 194378 
100 |a 20110414d2006 m y0rusy5002 ca 
101 0 |a rus 
102 |a RU 
105 |a a j 001zy 
200 1 |a Экономическая история  |e учебник  |f С. А. Бартенев  |g Всероссийская академия внешней торговли 
210 |a Москва  |c Экономистъ  |d 2006 
215 |a 443 с.  |c ил. 
225 1 |a Homo faber 
320 |a Библиогр. в конце гл. 
330 |a Учебник посвящен анализу событий экономической истории России и мира, выявлению внутренних и внешних условий и причин, лежащих в их основе. Наряду с поступательным развитием хозяйства рассматриваются провалы, откаты, противоречивое взаимодействие цивилизаций в результате войн, массовых миграций, внешних вторжений, культурных воздействий, влияния идеологических и религиозных доктрин. Особое внимание уделено возникновению новых форм экономической организации, институциональным изменениям. Удачно сочетаются исторические факты и экономический анализ процессов развития экономики, экономического роста, соотношений и темпов развития отдельных государств. Учебник содержит карты, историко-логические схемы, статистические и хронологические таблицы, список литературы. Для студентов и преподавателей экономических вузов. 
451 1 |0 (RuTPU)RU\TPU\book\89227  |y 5-98118-014-5  |t Экономическая история  |o учебник [для вузов по специальности 060700<Нац. экономика>]  |f С. А. Бартенев  |g Всероссийская академия внешней торговли  |c М.  |n Экономистъ  |d 2004  |p 443 с.  |s Homo faber  |a Бартенев, Сергей Александрович 
606 1 |a Экономическая история  |2 stltpush  |3 (RuTPU)RU\TPU\subj\26578  |9 50473 
610 1 |a производство 
610 1 |a хозяйство 
610 1 |a рабовладельческий способ производства 
610 1 |a феодализм 
610 1 |a Западная Европа 
610 1 |a Япония 
610 1 |a мировая торговля 
610 1 |a Азия 
610 1 |a взаимодействие 
610 1 |a Российское государство 
610 1 |a великие географические открытия 
610 1 |a первоначальный капитал 
610 1 |a промышленный переворот 
610 1 |a капитализм 
610 1 |a экономические реформы 
610 1 |a технологические революции 
610 1 |a индустриальное развитие 
610 1 |a международная валютная система 
610 1 |a государственное регулирование 
610 1 |a государственный социализм 
610 1 |a военная экономика 
610 1 |a Россия 
610 1 |a США 
610 1 |a 20 век 
610 1 |a международные отношения 
610 1 |a экономическое развитие 
610 1 |a учебники 
686 |a У03я73  |v LBC/SL-A  |2 rubbk 
700 1 |a Бартенев  |b С. А.  |g Сергей Александрович  |4 070 
712 0 2 |a Всероссийская академия внешней торговли  |2 stltpush  |3 (RuTPU)RU\TPU\col\93 
801 0 |a RU  |b 63413507  |c 20040322  |g PSBO 
801 1 |a RU  |b 63413507  |c 20051010  |g PSBO 
801 2 |a RU  |b 63413507  |c 20140722  |g PSBO 
900 |a Экономическая история 
942 |c BK 
952 |b 080100 
959 |a 81/20101108  |d 5  |e 0  |f Ф_ТПУ_Новокузнецк:5